000 00443pab a2200145 454500
008 180718b2005 xxu||||| |||| 00| 0 eng d
100 _aKaur, Supreet
245 _aCareer choice anxiety and self-esteem: a comparative study of girls who choose traditional and non-traditional careers
260 _c2005
300 _ap.110-18.
650 _aCareer development
773 _aResearch Journal Social Sciences
908 _aN
909 _a73105
999 _c73105
_d73105